01017cam a2200313 a 45000010005000000030006000050050017000110080041000280100017000690200018000860200018001040400018001220420009001400500016001490820011001651000020001762450038001962600043002343000058002775050007003355200197003425210027005395210018005666500019005846500025006036500029006286500019006576500027006769099FISKH20251120085534.0090422s2010 nyua b 000 1 eng  a 2009015122 a9780399254352 a9780545450409 aDLCcDLCdDLC alcac00aPZ7.K4537 L a636.4 1 aKerby, Johanna.10aLittle pink pup /cJohanna Kerby. aNew York :bG.P. Putnam's Sons,c2010. a30 unnumbered pages : bcolor illustrations ; c21 cm aJ  aPink, a piglet who is the runt of the litter, is adopted by Tink, a dachshund who is nursing a litter of her own, and Pink is raised in the house along with the puppies. Based on a true story.8 a500 bLexile estimate 8 aJ bRaz-Plus  1aPigsvFiction. 1aDachshundsvFiction. 1aAnimal infancyvFiction. 1aDogsvFiction. 1aPigs as petsvFiction.